| 000 | 00728nam a2200181 a 4500 | ||
|---|---|---|---|
| 008 | 150223s2012 ||||||||||||||||| || u | ||
| 020 | _a9780702040849 | ||
| 050 | _aRM 301.28 Ben | ||
| 100 | _aBennett, Peter N | ||
| 245 | 1 | 0 |
_aClinical pharmacology. (11th ed.) _cBy Peter N. Bennett, Morris J Brown [and] Pankaj Sharma |
| 250 | _a11th ed. | ||
| 260 |
_aEdinburgh _bChurchill Livingstone/Elsevier _c2012 |
||
| 300 | _axi, 667p.: ill. | ||
| 350 | _a87.95 | ||
| 650 | _aPHARMACOLOGY, CLINICAL | ||
| 650 | _aCLINICAL PHARMACOLOGY, CLINICAL | ||
| 995 |
_aMEDICAL LIBRARY OPEN ACCESS _e902911 _FCBU-SCHOOL OF MEDICINE LIBRARY (Ndola) _I87.95 _jRM 301.28 Ben _M1 _UAVAILABLE _WMar 24, 2015 _y902911 _ZMedical Library Open Access Collection |
||
| 999 |
_c31043 _d31043 |
||